[Event "VIII Floripa Chess Open 2022 - LIRA - m"]
[Site "Lira Tênis Clube - Florianó"]
[Date "2022.01.24"]
[Round "1.65"]
[White "Decezare, Jucian Kaue"]
[Black "Do Nascimento, Christian Almeida"]
[Result "0-1"]
[WhiteElo "1570"]
[BlackElo "2120"]
[PlyCount "90"]
[EventDate "2022.01.24"]
[EventRounds "10"]
[EventCountry "BRA"]

1. e4 c5 2. Nf3 d6 3. d3 Nf6 4. g3 g6 5. Bg2 Bg7 6. O-O O-O 7. Re1 Nc6 8. Nbd2
Rb8 9. Nf1 h6 10. c3 e5 11. a3 Re8 12. Ne3 b6 13. b4 Be6 14. b5 Ne7 15. c4 Qd7
16. Rb1 Bh3 17. Bh1 Nh7 18. Nh4 Bf6 19. Neg2 h5 20. Bd2 Nf8 21. Qc1 Ne6 22. Nf3
Bg4 23. Ne3 Bxf3 24. Bxf3 Nd4 25. Bg2 h4 26. Nc2 Nxc2 27. Qxc2 Kg7 28. h3 hxg3
29. fxg3 Rh8 30. Be3 Rh7 31. Qf2 Rbh8 32. Rf1 Qe6 33. Qf3 Ng8 34. Rb2 Qe7 35.
Rbf2 Kf8 36. Qg4 Kg7 37. Qe2 Kf8 38. Qg4 Kg7 39. Qe2 Qe6 40. g4 Kf8 41. Qc2 Ke8
42. Qa4 Rxh3 43. Bxh3 Rxh3 44. Bc1 Qxg4+ 45. Rg2 Qh4 0-1

[Event "VIII Floripa Chess Open 2022 - LIRA - m"]
[Site "Lira Tênis Clube - Florianó"]
[Date "2022.01.24"]
[Round "1.66"]
[White "Souza, Rafael Cabral De"]
[Black "Miranda Pereira, Emmanuel"]
[Result "1-0"]
[WhiteElo "2119"]
[BlackElo "1557"]
[PlyCount "29"]
[EventDate "2022.01.24"]
[EventRounds "10"]
[EventCountry "BRA"]

1. e4 c5 2. Nf3 d6 3. d4 cxd4 4. Nxd4 Nf6 5. Nc3 a6 6. Bg5 e6 7. f4 Be7 8. Qf3
Qc7 9. O-O-O b5 10. e5 Bb7 11. Qg3 Ne4 12. Nxe4 Bxe4 13. Bxe7 Kxe7 14. exd6+
Kxd6 15. Nxb5+ 1-0

[Event "VIII Floripa Chess Open 2022 - LIRA - m"]
[Site "Lira Tênis Clube - Florianó"]
[Date "2022.01.24"]
[Round "1.67"]
[White "Borger, Daniel"]
[Black "Dianda, Joao Carlos"]
[Result "1-0"]
[WhiteElo "1556"]
[BlackElo "2117"]
[PlyCount "63"]
[EventDate "2022.01.24"]
[EventRounds "10"]
[EventCountry "BRA"]

1. e4 e6 2. d4 d5 3. Nd2 Nf6 4. e5 Nfd7 5. Bd3 c5 6. c3 Nc6 7. Ngf3 cxd4 8.
cxd4 Qb6 9. O-O Be7 10. Nb3 a5 11. a4 f5 12. exf6 Nxf6 13. Re1 O-O 14. Bg5 Bd7
15. Ne5 Nxe5 16. dxe5 Ng4 17. Bxe7 Qxf2+ 18. Kh1 Qf4 19. g3 Nf2+ 20. Kg1 Qf7
21. Bxh7+ Kh8 22. Qe2 Qxe7 23. Qh5 Qg5 24. Qxg5 Nh3+ 25. Kg2 Nxg5 26. Bd3 Rf3
27. Nc5 Raf8 28. Nxd7 Rf2+ 29. Kh1 R8f7 30. Rf1 Nh3 31. Bb5 Kh7 32. b3 1-0

[Event "VIII Floripa Chess Open 2022 - LIRA - m"]
[Site "Lira Tênis Clube - Florianó"]
[Date "2022.01.24"]
[Round "1.68"]
[White "Nemeth Junior, Henrique"]
[Black "Romais, Rodrigo"]
[Result "1/2-1/2"]
[WhiteElo "2113"]
[BlackElo "1556"]
[PlyCount "76"]
[EventDate "2022.01.24"]
[EventRounds "10"]
[EventCountry "BRA"]

1. e4 e6 2. d4 d5 3. Nd2 c5 4. exd5 Qxd5 5. Ngf3 Nf6 6. Bc4 Qd8 7. O-O cxd4 8.
Nb3 Nc6 9. Nbxd4 Nxd4 10. Nxd4 Bc5 11. Nb5 Qb6 12. b4 Be7 13. Qe2 O-O 14. Be3
Qd8 15. Rfd1 Nd5 16. Bxd5 exd5 17. c4 Bxb4 18. Nxa7 Qf6 19. Nxc8 Rfxc8 20. cxd5
Bc5 21. Rac1 b6 22. Bxc5 bxc5 23. d6 Rd8 24. d7 Qc6 25. Qe7 Qa4 26. Rd2 c4 27.
Re1 h6 28. Rd4 Qb5 29. Red1 c3 30. Rf4 Qh5 31. Re1 c2 32. f3 Qd5 33. Qe2 Qxa2
34. Rc4 Qa7+ 35. Qf2 Qxd7 36. Rxc2 Qd4 37. Qxd4 Rxd4 38. Kf2 Rad8 1/2-1/2

[Event "VIII Floripa Chess Open 2022 - LIRA - m"]
[Site "Lira Tênis Clube - Florianó"]
[Date "2022.01.24"]
[Round "1.69"]
[White "Gomes, Carlos"]
[Black "Lage, Pedro Ferreira"]
[Result "0-1"]
[WhiteElo "1554"]
[BlackElo "2112"]
[PlyCount "84"]
[EventDate "2022.01.24"]
[EventRounds "10"]
[EventCountry "BRA"]

1. e4 c5 2. c3 d5 3. exd5 Qxd5 4. Nf3 Nc6 5. Be2 e5 6. Qb3 Qxb3 7. axb3 Bd6 8.
d3 Be6 9. Nbd2 f6 10. O-O Nge7 11. Nc4 Bc7 12. Be3 b6 13. Bd2 O-O 14. b4 cxb4
15. cxb4 Rfd8 16. Bc3 b5 17. Na5 Bxa5 18. bxa5 Nd5 19. Bd2 Ndb4 20. Bxb4 Nxb4
21. Rfd1 Rac8 22. Ne1 Nc2 23. Rac1 Nd4 24. Bf1 Bb3 25. Rxc8 Rxc8 26. Ra1 Kf7
27. f3 Ke6 28. Kf2 Kd5 29. Be2 Rc6 30. g3 g5 31. Ng2 Ke6 32. Ne1 f5 33. h3 f4
34. g4 Kd5 35. Kf1 Rh6 36. Bd1 Rxh3 37. Bxb3+ Nxb3 38. Ra3 Nd4 39. Kg2 Rh6 40.
b3 Rc6 41. b4 Rc1 42. Kf2 Rxe1 0-1

[Event "VIII Floripa Chess Open 2022 - LIRA - m"]
[Site "Lira Tênis Clube - Florianó"]
[Date "2022.01.24"]
[Round "1.70"]
[White "Takano, Nicholas Ryo"]
[Black "Munhoz, Joao Pedro"]
[Result "1-0"]
[WhiteElo "2111"]
[BlackElo "1550"]
[PlyCount "45"]
[EventDate "2022.01.24"]
[EventRounds "10"]
[EventCountry "BRA"]

1. e4 c5 2. Nf3 Nc6 3. d4 cxd4 4. Nxd4 g6 5. c4 Bg7 6. Be3 Nf6 7. Nc3 O-O 8.
Be2 d6 9. O-O a6 10. h3 Qc7 11. Qd2 Nxd4 12. Bxd4 b6 13. Rac1 Bd7 14. Bxf6 exf6
15. Rfd1 Bc6 16. Qxd6 Qb7 17. Nd5 Rfe8 18. Bf3 Rad8 19. Nxf6+ Bxf6 20. Qxf6
Rxd1+ 21. Rxd1 Bxe4 22. Rd8 Qe7 23. Qxe7 1-0

[Event "VIII Floripa Chess Open 2022 - LIRA - m"]
[Site "Lira Tênis Clube - Florianó"]
[Date "2022.01.24"]
[Round "1.71"]
[White "Felix, Joao Eduardo Orland"]
[Black "Leitao, Nicolau"]
[Result "0-1"]
[WhiteElo "1546"]
[BlackElo "2109"]
[PlyCount "54"]
[EventDate "2022.01.24"]
[EventRounds "10"]
[EventCountry "BRA"]

1. e4 e5 2. Nf3 Nc6 3. Bc4 Bc5 4. d3 Nf6 5. c3 d6 6. b4 Bb6 7. a4 a5 8. b5 Ne7
9. Qb3 O-O 10. h3 c6 11. Ba3 d5 12. exd5 cxd5 13. Bxe7 Qxe7 14. Bxd5 Qc5 15.
Nxe5 Qxd5 16. Qxd5 Nxd5 17. O-O Nxc3 18. Nc4 Ne2+ 19. Kh2 Bd4 20. Ra2 Nf4 21.
Nba3 Be6 22. Re1 Bc5 23. Raa1 Rad8 24. g3 Rxd3 25. Rad1 Rxd1 26. Rxd1 Nxh3 27.
b6 Nxf2 0-1

[Event "VIII Floripa Chess Open 2022 - LIRA - m"]
[Site "Lira Tênis Clube - Florianó"]
[Date "2022.01.24"]
[Round "1.72"]
[White "Souza Neves, Andrey M."]
[Black "Japiassu, Glauco Antonio Beze"]
[Result "1-0"]
[WhiteElo "2107"]
[BlackElo "1544"]
[PlyCount "103"]
[EventDate "2022.01.24"]
[EventRounds "10"]
[EventCountry "BRA"]

1. d4 e6 2. c4 d5 3. Nc3 f5 4. Nf3 c6 5. Bf4 Bd6 6. Ne5 Nf6 7. e3 O-O 8. Be2
Ne4 9. Nxe4 fxe4 10. O-O Qe7 11. f3 exf3 12. Bxf3 Nd7 13. Qb3 Nxe5 14. dxe5 Bc5
15. Rad1 Bb6 16. Kh1 d4 17. Be4 dxe3 18. Bxe3 Rxf1+ 19. Rxf1 Bxe3 20. Qxe3 Bd7
21. Qd3 g6 22. Rd1 Be8 23. Qd6 Qxd6 24. Rxd6 Kf7 25. Kg1 Ke7 26. Kf2 Rd8 27. c5
Rxd6 28. exd6+ Kf7 29. b4 b6 30. Ke3 Bd7 31. h4 h6 32. Kd4 Kg7 33. a4 Kf7 34.
Kc4 g5 35. hxg5 hxg5 36. a5 Ke8 37. axb6 axb6 38. Bg6+ Kf8 39. g3 Kg7 40. Bh5
Kh6 41. Bf3 Kg7 42. Bg4 Kh6 43. b5 cxb5+ 44. Kb4 Kg6 45. Bh3 Kh5 46. Kc3 Kg6
47. Bg4 Kh6 48. Kb3 Kg6 49. Kb4 Kh6 50. Be2 Kg6 51. g4 Kg7 52. Bxb5 1-0

[Event "VIII Floripa Chess Open 2022 - LIRA - m"]
[Site "Lira Tênis Clube - Florianó"]
[Date "2022.01.24"]
[Round "1.73"]
[White "Muraoka, Karoline Aimy"]
[Black "Dias, Anderson Tatsch"]
[Result "0-1"]
[WhiteElo "1543"]
[BlackElo "2102"]
[PlyCount "104"]
[EventDate "2022.01.24"]
[EventRounds "10"]
[EventCountry "BRA"]

1. e4 c5 2. Nf3 e6 3. d4 cxd4 4. Nxd4 Nf6 5. Nc3 Bb4 6. Bd3 Nc6 7. Nde2 d5 8.
exd5 Nxd5 9. a3 Be7 10. Be4 Nf6 11. Qxd8+ Bxd8 12. Bd3 a6 13. h3 Ne5 14. Be4
Nxe4 15. Nxe4 Be7 16. Bf4 Nc4 17. O-O-O b5 18. Nd6+ Nxd6 19. Bxd6 Bb7 20. f3
Rc8 21. Kb1 Bd5 22. Bxe7 Kxe7 23. Nc3 Bb7 24. Rd2 Rhd8 25. Rhd1 Rxd2 26. Rxd2
Rc4 27. Ne2 g5 28. Rd4 Bd5 29. b3 Rxd4 30. Nxd4 Kd6 31. Kb2 e5 32. Nf5+ Kc5 33.
Kc3 Be6 34. Ng3 f5 35. Kd3 a5 36. Kc3 h6 37. Kd3 Bd7 38. Kc3 b4+ 39. axb4+
axb4+ 40. Kd3 Bb5+ 41. c4 bxc3+ 42. Kxc3 Bd7 43. b4+ Kd5 44. Nh5 Bb5 45. g3 Be2
46. Nf6+ Ke6 47. Ne8 Bxf3 48. Ng7+ Kf6 49. Nxf5 Kxf5 50. Kd3 Bg2 51. h4 gxh4
52. gxh4 Kg4 0-1

[Event "VIII Floripa Chess Open 2022 - LIRA - m"]
[Site "Lira Tênis Clube - Florianó"]
[Date "2022.01.24"]
[Round "1.74"]
[White "Damous, Felipe Soares"]
[Black "Dos Santos, Lucas Carvalho Ribe"]
[Result "1-0"]
[WhiteElo "2101"]
[BlackElo "1542"]
[PlyCount "99"]
[EventDate "2022.01.24"]
[EventRounds "10"]
[EventCountry "BRA"]

1. Nf3 Nf6 2. g3 g6 3. Bg2 Bg7 4. O-O O-O 5. c4 d6 6. Nc3 Bf5 7. d3 e5 8. Nh4
Bc8 9. Rb1 Nbd7 10. b4 c6 11. b5 Qc7 12. bxc6 bxc6 13. Nb5 cxb5 14. Bxa8 bxc4
15. dxc4 Ba6 16. Bg2 Bxc4 17. Ba3 Nc5 18. Qc2 Bd5 19. Bxd5 Nxd5 20. Rfc1 Rc8
21. Bxc5 dxc5 22. Rb5 Bf8 23. Qb3 Nb6 24. a4 c4 25. Qf3 a6 26. Rbb1 a5 27. Rb5
Bb4 28. Qe4 f6 29. Nxg6 hxg6 30. Qxg6+ Qg7 31. Qxg7+ Kxg7 32. Rxb6 c3 33. Rc2
Rd8 34. Rb7+ Kg6 35. Rc7 Rd2 36. R2xc3 Bxc3 37. Rxc3 Ra2 38. Rc4 Rxe2 39. Rc5
Ra2 40. Rxa5 Kf5 41. Kg2 Ke4 42. Ra8 Kf5 43. h3 Kg5 44. a5 e4 45. Kf1 Kf5 46.
a6 e3 47. fxe3 Ke4 48. a7 Kf3 49. Ke1 f5 50. h4 1-0

[Event "VIII Floripa Chess Open 2022 - LIRA - m"]
[Site "Lira Tênis Clube - Florianó"]
[Date "2022.01.24"]
[Round "1.75"]
[White "Monauer, Caique"]
[Black "Pereira, Geanfrancesco"]
[Result "0-1"]
[WhiteElo "1537"]
[BlackElo "2100"]
[PlyCount "52"]
[EventDate "2022.01.24"]
[EventRounds "10"]
[EventCountry "BRA"]

1. c4 Nf6 2. g3 g6 3. Bg2 Bg7 4. Nc3 O-O 5. e4 d6 6. Nge2 a6 7. d3 c5 8. a3 Nc6
9. O-O Rb8 10. f4 Bd7 11. a4 Qc8 12. Nd5 b5 13. axb5 axb5 14. b3 Nxd5 15. exd5
Bxa1 16. dxc6 Bxc6 17. Bd2 Bxg2 18. Kxg2 Bg7 19. Bc3 bxc4 20. bxc4 e5 21. fxe5
dxe5 22. Ba1 Qb7+ 23. Kg1 Qb3 24. Nc3 Qxd1 25. Rxd1 Rb3 26. Ne4 Rfb8 0-1

[Event "VIII Floripa Chess Open 2022 - LIRA - m"]
[Site "Lira Tênis Clube - Florianó"]
[Date "2022.01.24"]
[Round "1.76"]
[White "Urquiza, Marcello De Albuque"]
[Black "Albiero, Marco Antonio Batis"]
[Result "1-0"]
[WhiteElo "2099"]
[BlackElo "1536"]
[PlyCount "71"]
[EventDate "2022.01.24"]
[EventRounds "10"]
[EventCountry "BRA"]

1. e4 e5 2. Nf3 Nc6 3. Bb5 a6 4. Ba4 Nf6 5. O-O b5 6. Bb3 Be7 7. c3 d6 8. h3
Na5 9. Bc2 c5 10. d4 Qc7 11. Nbd2 cxd4 12. cxd4 Bb7 13. d5 Rc8 14. Bd3 O-O 15.
Nh4 Nd7 16. Nf5 Nc5 17. Bb1 Nc4 18. Nxc4 bxc4 19. Bh6 gxh6 20. Qg4+ Bg5 21.
Nxh6+ Kh8 22. Qxg5 f6 23. Qe3 Qb6 24. Qa3 Rb8 25. Bc2 Bc8 26. Rab1 Kg7 27. Qe3
Qa5 28. b4 Rxb4 29. Rxb4 Qxb4 30. Bd1 Nd3 31. Bg4 Nf4 32. Bxc8 Rxc8 33. Nf5+
Kh8 34. Qa7 Rg8 35. Qf7 Nxh3+ 36. Kh2 1-0

[Event "VIII Floripa Chess Open 2022 - LIRA - m"]
[Site "Lira Tênis Clube - Florianó"]
[Date "2022.01.24"]
[Round "1.77"]
[White "Brambilla, Renee Blandy T."]
[Black "Piccoli, Lucas Fonseca"]
[Result "0-1"]
[WhiteElo "1536"]
[BlackElo "2097"]
[PlyCount "66"]
[EventDate "2022.01.24"]
[EventRounds "10"]
[EventCountry "BRA"]

1. d4 Nf6 2. c4 e6 3. Nf3 Bb4+ 4. Nbd2 b6 5. e3 Bb7 6. a3 Bxd2+ 7. Qxd2 O-O 8.
Be2 d6 9. b4 Nbd7 10. O-O Ne4 11. Qc2 f5 12. Bb2 Qe7 13. Rad1 Rf6 14. d5 e5 15.
Bd3 Rg6 16. Bxe4 fxe4 17. Qxe4 Nf6 18. Qc2 Bc8 19. h3 Bxh3 20. Nh4 Rg4 21. f4
Rxh4 22. gxh3 exf4 23. Rf3 Nh5 24. Qg2 fxe3 25. Re1 Re4 26. Rf5 Qh4 27. Re2 Ng3
28. Rf3 Nxe2+ 29. Kh2 Nd4 30. Rg3 Qe7 31. Kh1 Rf8 32. Rxg7+ Qxg7 33. Qxe4 Rf1+
0-1

[Event "VIII Floripa Chess Open 2022 - LIRA - m"]
[Site "Lira Tênis Clube - Florianó"]
[Date "2022.01.24"]
[Round "1.78"]
[White "Volkmann, Andre Jordi"]
[Black "De Oliveira, Gualter Amelio"]
[Result "1-0"]
[WhiteElo "2097"]
[BlackElo "1533"]
[PlyCount "51"]
[EventDate "2022.01.24"]
[EventRounds "10"]
[EventCountry "BRA"]

1. d4 Nf6 2. c4 e6 3. Nc3 Bb4 4. Bd2 b6 5. Nf3 Bb7 6. e3 O-O 7. Bd3 c5 8. O-O
d5 9. cxd5 cxd4 10. Nxd4 Nxd5 11. Qc2 g6 12. Be4 Na6 13. Nxd5 Bxd2 14. Nf6+
Qxf6 15. Bxb7 Bb4 16. Bxa8 Rxa8 17. Qa4 Bd6 18. Qxa6 g5 19. Rac1 g4 20. Rc8+
Rxc8 21. Qxc8+ Kg7 22. g3 h5 23. f3 Qe5 24. Qc3 Kg6 25. f4 Qe4 26. Qc2 1-0

[Event "VIII Floripa Chess Open 2022 - LIRA - m"]
[Site "Lira Tênis Clube - Florianó"]
[Date "2022.01.24"]
[Round "1.79"]
[White "Paniago, Lucio Erloiny Silva"]
[Black "De Vjunior, Liduino Furtado"]
[Result "1/2-1/2"]
[WhiteElo "1508"]
[BlackElo "2097"]
[PlyCount "51"]
[EventDate "2022.01.24"]
[EventRounds "10"]
[EventCountry "BRA"]

1. e4 c5 2. Nf3 d6 3. c3 Nf6 4. Be2 Nbd7 5. Qc2 g6 6. d4 Qc7 7. Bf4 cxd4 8. O-O
Bg7 9. Rc1 O-O 10. Nxd4 a6 11. Nb3 b6 12. N1d2 Bb7 13. Re1 e5 14. Be3 d5 15.
exd5 Nxd5 16. Nf1 Nxe3 17. Nxe3 f5 18. Rad1 Nf6 19. Nd2 Rfd8 20. Qb3+ Kf8 21.
Nf3 Ne4 22. Rxd8+ Rxd8 23. Rd1 Rxd1+ 24. Qxd1 Ke7 25. Nd2 Nc5 26. Nb3 1/2-1/2

[Event "VIII Floripa Chess Open 2022 - LIRA - m"]
[Site "Lira Tênis Clube - Florianó"]
[Date "2022.01.24"]
[Round "1.80"]
[White "Lorenzon, Eduardo Lucas"]
[Black "Machado, Wesley Henrique"]
[Result "1-0"]
[WhiteElo "2092"]
[BlackElo "1503"]
[PlyCount "81"]
[EventDate "2022.01.24"]
[EventRounds "10"]
[EventCountry "BRA"]

1. e4 e5 2. Nf3 Nc6 3. Bc4 Bc5 4. b4 Bb6 5. a4 a6 6. Nc3 Nf6 7. Nd5 Ba7 8. d3
h6 9. O-O d6 10. Be3 Nxd5 11. exd5 Ne7 12. Re1 O-O 13. Bxa7 Rxa7 14. d4 e4 15.
Rxe4 Bf5 16. Re3 Ng6 17. Qd2 Ra8 18. Rae1 Qd7 19. Bb3 Rfe8 20. c4 Kf8 21. c5
Ne7 22. Qe2 Ng6 23. Rxe8+ Rxe8 24. Qxe8+ Qxe8 25. Rxe8+ Kxe8 26. g3 Kd7 27. Nd2
Bd3 28. f3 Ne7 29. g4 f5 30. Kf2 fxg4 31. fxg4 c6 32. Ke3 Bg6 33. Ne4 Bxe4 34.
Kxe4 Kc7 35. h4 Ng6 36. h5 Ne7 37. Bc4 Kd7 38. dxc6+ Nxc6 39. b5 axb5 40. Bxb5
dxc5 41. d5 1-0

[Event "VIII Floripa Chess Open 2022 - LIRA - m"]
[Site "Lira Tênis Clube - Florianó"]
[Date "2022.01.24"]
[Round "1.81"]
[White "Mazetto, Sergio Luiz"]
[Black "Fiorindo Pereira, Guilherme"]
[Result "1-0"]
[WhiteElo "2084"]
[BlackElo "1502"]
[PlyCount "63"]
[EventDate "2022.01.24"]
[EventRounds "10"]
[EventCountry "BRA"]

1. d4 Nf6 2. Bg5 d5 3. e3 Nc6 4. c4 Bg4 5. f3 Bf5 6. cxd5 Qxd5 7. Nc3 Qa5 8. e4
Bd7 9. Be3 e5 10. d5 Nb4 11. a3 Na6 12. b4 Nxb4 13. axb4 Qxb4 14. Qd2 Qb3 15.
Rb1 Qa3 16. Nb5 Bxb5 17. Bxb5+ Nd7 18. Ne2 a5 19. Kf2 Bc5 20. Rhc1 Bxe3+ 21.
Qxe3 Qd6 22. Bxd7+ Qxd7 23. Rxb7 Rc8 24. Qc5 a4 25. d6 O-O 26. Rxc7 Rxc7 27.
dxc7 Rc8 28. Qxe5 a3 29. Qd5 Qe7 30. Qb7 Qd7 31. Rd1 Qe8 32. Qxc8 1-0

[Event "VIII Floripa Chess Open 2022 - LIRA - m"]
[Site "Lira Tênis Clube - Florianó"]
[Date "2022.01.24"]
[Round "1.82"]
[White "Constantino, Pedro Henrique"]
[Black "Uczai, Joao Pedro Filimber"]
[Result "0-1"]
[WhiteElo "1500"]
[BlackElo "2083"]
[PlyCount "80"]
[EventDate "2022.01.24"]
[EventRounds "10"]
[EventCountry "BRA"]

1. e4 e6 2. d4 d5 3. e5 c5 4. c3 Nc6 5. Nf3 Qb6 6. a3 Nh6 7. b4 cxb4 8. cxb4
Nf5 9. Bb2 Bd7 10. Be2 Rc8 11. O-O Be7 12. Qd3 a6 13. Nbd2 Nb8 14. Nb3 Bb5 15.
Qd2 Bxe2 16. Qxe2 Qb5 17. Qxb5+ axb5 18. Rfc1 O-O 19. Rxc8 Rxc8 20. Rc1 Rc4 21.
Nbd2 Rxc1+ 22. Bxc1 Nc6 23. Bb2 h5 24. h3 g5 25. Nb3 Kg7 26. Kf1 g4 27. hxg4
hxg4 28. Nh2 g3 29. Nf3 Kg6 30. Nc1 Bf8 31. Ne2 Bh6 32. Nxg3 Nxg3+ 33. fxg3 Kf5
34. Ke2 Ke4 35. Ne1 Be3 36. Nc2 Bxd4 37. Bc1 Bxe5 38. g4 Nd4+ 39. Kd1 Nxc2 40.
Kxc2 Bf4 0-1

[Event "VIII Floripa Chess Open 2022 - LIRA - m"]
[Site "Lira Tênis Clube - Florianó"]
[Date "2022.01.24"]
[Round "1.83"]
[White "Marcolino, Antonio Claudio H."]
[Black "Do Amaral Vailant, Helena Kether"]
[Result "1-0"]
[WhiteElo "2077"]
[BlackElo "1497"]
[PlyCount "61"]
[EventDate "2022.01.24"]
[EventRounds "10"]
[EventCountry "BRA"]

1. d4 f5 2. Nc3 Nf6 3. e4 d6 4. Bd3 fxe4 5. Nxe4 g6 6. Bg5 Bg7 7. Nf3 O-O 8. c3
d5 9. Ned2 b6 10. O-O Ba6 11. Bxa6 Nxa6 12. Qe2 Nb8 13. Qe6+ Kh8 14. Ne5 Qe8
15. Rae1 h6 16. Bxf6 Rxf6 17. Qxd5 c6 18. Qe4 Kh7 19. Ng4 Rf7 20. Nc4 b5 21.
Nd6 Qf8 22. Nxf7 Qxf7 23. Qxe7 Qxe7 24. Rxe7 h5 25. Nf6+ Kh6 26. Ng8+ Kh7 27.
Re8 a5 28. Rfe1 b4 29. Ne7 bxc3 30. bxc3 c5 31. Nc6 1-0

[Event "VIII Floripa Chess Open 2022 - LIRA - m"]
[Site "Lira Tênis Clube - Florianó"]
[Date "2022.01.24"]
[Round "1.84"]
[White "Souza, Neurismar Da Rocha"]
[Black "Martins, Anderson Donay"]
[Result "0-1"]
[WhiteElo "1490"]
[BlackElo "2072"]
[PlyCount "108"]
[EventDate "2022.01.24"]
[EventRounds "10"]
[EventCountry "BRA"]

1. d4 f5 2. Nf3 Nf6 3. b3 g6 4. Bb2 Bg7 5. e3 O-O 6. Be2 Ne4 7. O-O d6 8. Nbd2
Nd7 9. c4 Ndf6 10. Qc2 c6 11. Bd3 d5 12. cxd5 cxd5 13. Rac1 Ne8 14. Nb1 Bd7 15.
Nc3 Rc8 16. Bxe4 fxe4 17. Nd2 Bb5 18. Rfe1 e6 19. Qd1 Ba6 20. Qg4 Rf5 21. Na4
b6 22. Rxc8 Qxc8 23. Rc1 Qd8 24. f4 exf3 25. Nxf3 Be2 26. Kf2 Nf6 27. Qh3 Bxf3
28. gxf3 Ne4+ 29. Ke2 Ng5 30. Qg2 Nxf3 31. Rf1 Ng5 32. Rxf5 gxf5 33. Nc3 Ne4
34. Nxe4 fxe4 35. Qg4 Qf6 36. Qg3 h6 37. Ba3 Qg5 38. Bd6 Qxg3 39. hxg3 Kf7 40.
a4 e5 41. dxe5 Ke6 42. Bb8 a6 43. g4 Bxe5 44. Ba7 Bc7 45. b4 Kd7 46. a5 bxa5
47. bxa5 Bxa5 48. Bd4 Bd8 49. Bg7 Bg5 50. Be5 a5 51. Bb2 a4 52. Ba3 Be7 53. Bb2
a3 54. Ba1 Ke6 0-1

[Event "VIII Floripa Chess Open 2022 - LIRA - m"]
[Site "Lira Tênis Clube - Florianó"]
[Date "2022.01.24"]
[Round "1.85"]
[White "Fantinati, Nilton M. Nasciment"]
[Black "Daneri, Martin"]
[Result "0-1"]
[WhiteElo "1487"]
[BlackElo "2069"]
[PlyCount "50"]
[EventDate "2022.01.24"]
[EventRounds "10"]
[EventCountry "BRA"]

1. b4 d5 2. Bb2 Qd6 3. b5 Qb4 4. Be5 Qxb5 5. Bxc7 Bg4 6. Nc3 Qc5 7. Bg3 g6 8.
Nf3 d4 9. Na4 Qa5 10. c3 Bd7 11. Qb3 Qxa4 12. Qxb7 Qc6 13. Qxc6 Nxc6 14. cxd4
Nb4 15. Rc1 Nxa2 16. Rc2 Nb4 17. Rc4 e6 18. d3 Bb5 19. Rc7 Nd5 20. Rc1 Bb4+ 21.
Nd2 Ngf6 22. h3 Nh5 23. Be5 f6 24. Bg3 Nhf4 25. Bxf4 Nxf4 0-1

[Event "VIII Floripa Chess Open 2022 - LIRA - m"]
[Site "Lira Tênis Clube - Florianó"]
[Date "2022.01.24"]
[Round "1.86"]
[White "Marcolino, Daniel Mattos"]
[Black "Ramazzotte, Maicon Zilli"]
[Result "1-0"]
[WhiteElo "2068"]
[BlackElo "1482"]
[PlyCount "89"]
[EventDate "2022.01.24"]
[EventRounds "10"]
[EventCountry "BRA"]

1. d4 d5 2. Nf3 Nf6 3. g3 Bf5 4. Bg2 e6 5. c4 dxc4 6. Ne5 c6 7. Nc3 Nbd7 8.
Nxc4 Nb6 9. Na5 Qd7 10. O-O Bb4 11. Nb3 O-O 12. e4 Bg6 13. Qe2 a5 14. Rd1 a4
15. Nc5 Qe7 16. Be3 a3 17. Rac1 Nbd7 18. Nxd7 Qxd7 19. f3 axb2 20. Qxb2 Ba3 21.
Qb3 Bxc1 22. Rxc1 Rfd8 23. Na4 Qe7 24. Nc5 b6 25. Qxb6 Rdb8 26. Qxc6 Rxa2 27.
Nd3 Ra3 28. Bf1 Rbb3 29. Qc4 h5 30. Bg5 Qa7 31. Ne5 Kh7 32. Qc5 Nd7 33. Qxa7
Rxa7 34. Nd3 Raa3 35. Nc5 Nxc5 36. dxc5 Rc3 37. Rxc3 Rxc3 38. Be7 Rxf3 39. Bg2
Rc3 40. e5 Rc1+ 41. Kf2 Rc2+ 42. Kg1 Bd3 43. Bd6 Bc4 44. Be4+ g6 45. Bxc2 1-0

[Event "VIII Floripa Chess Open 2022 - LIRA - m"]
[Site "Lira Tênis Clube - Florianó"]
[Date "2022.01.24"]
[Round "1.87"]
[White "Andrade, Moacir Belarmino F."]
[Black "Guara Neto, Argemiro Braga"]
[Result "0-1"]
[WhiteElo "1478"]
[BlackElo "2060"]
[PlyCount "62"]
[EventDate "2022.01.24"]
[EventRounds "10"]
[EventCountry "BRA"]

1. e4 c5 2. Nf3 Nc6 3. d4 cxd4 4. Nxd4 g6 5. Nc3 Bg7 6. Be3 Nf6 7. Be2 O-O 8.
Qd2 d5 9. Nxc6 bxc6 10. exd5 cxd5 11. O-O e5 12. Bg5 Be6 13. Rad1 d4 14. Bxf6
Bxf6 15. Ne4 Bg7 16. Nc5 Bd5 17. c3 Rc8 18. cxd4 exd4 19. b4 a5 20. a3 Ra8 21.
Ra1 d3 22. Nxd3 Bxa1 23. Rxa1 Bc4 24. Rd1 Bxd3 25. Bxd3 axb4 26. axb4 Qd4 27.
h3 Rfd8 28. b5 Ra3 29. Qc2 Rxd3 30. Rxd3 Qxd3 31. Qc7 Qd1+ 0-1

[Event "VIII Floripa Chess Open 2022 - LIRA - m"]
[Site "Lira Tênis Clube - Florianó"]
[Date "2022.01.24"]
[Round "1.88"]
[White "Souza, Iago Henrique Da Si"]
[Black "Consoli, Anderson Luiz"]
[Result "1-0"]
[WhiteElo "2058"]
[BlackElo "1477"]
[PlyCount "97"]
[EventDate "2022.01.24"]
[EventRounds "10"]
[EventCountry "BRA"]

1. Nf3 d5 2. e4 dxe4 3. Ng5 Bf5 4. g4 Bg6 5. Bg2 Nf6 6. Nc3 c6 7. Ngxe4 Nbd7 8.
Qe2 e6 9. d3 h6 10. Be3 a5 11. h4 Nd5 12. Bd2 Be7 13. h5 Bh7 14. O-O-O Qc7 15.
Nxd5 cxd5 16. Nc3 Rc8 17. Be3 Bf6 18. Nxd5 exd5 19. Bf4+ Ne5 20. Bxe5 Bxe5 21.
f4 O-O 22. fxe5 Rfe8 23. Bxd5 Rxe5 24. Be4 f5 25. gxf5 Bxf5 26. Kb1 Be6 27.
Rde1 Rc5 28. d4 Bc4 29. Qd2 Rb5 30. Reg1 Qb6 31. b3 a4 32. Rg6 Qd8 33. Qxh6
Qxd4 34. Rhg1 Rc7 35. R6g4 Kf8 36. Qf4+ Rf7 37. Qb8+ Ke7 38. Bd3 Rf1+ 39. Bxf1
Qd1+ 40. Kb2 a3+ 41. Kc3 Qe1+ 42. Kxc4 Qb4+ 43. Kd3 Rd5+ 44. Ke3 Qd2+ 45. Kf3
Rf5+ 46. Rf4 Qd5+ 47. Ke3 Qc5+ 48. Rd4 Qc3+ 49. Bd3 1-0

[Event "VIII Floripa Chess Open 2022 - LIRA - m"]
[Site "Lira Tênis Clube - Florianó"]
[Date "2022.01.24"]
[Round "1.89"]
[White "Lima, Carlos Eduardo I De"]
[Black "Souza Dos Santos, Matheus Garcett"]
[Result "0-1"]
[WhiteElo "1938"]
[BlackElo "2054"]
[PlyCount "52"]
[EventDate "2022.01.24"]
[EventRounds "10"]
[EventCountry "BRA"]

1. d4 Nf6 2. Nf3 e6 3. Bf4 c5 4. c3 cxd4 5. cxd4 Bb4+ 6. Nbd2 Nc6 7. e3 h6 8.
Bd3 Nh5 9. Bg3 d5 10. O-O Nxg3 11. hxg3 O-O 12. a3 Bd6 13. b4 a6 14. Rc1 Qe7
15. Nb3 Rd8 16. Nc5 e5 17. dxe5 Nxe5 18. Bb1 Bg4 19. Qxd5 Nxf3+ 20. gxf3 Bxg3
21. Qe4 Qh4 22. fxg3 Qxg3+ 23. Kh1 Rd2 24. Qh7+ Kf8 25. Ne6+ Bxe6 26. Qh8+ Ke7
0-1